| Record ID | ia:framingamericaso0000pohl |
| Source | Internet Archive |
| Download MARC XML | https://archive.org/download/framingamericaso0000pohl/framingamericaso0000pohl_marc.xml |
| Download MARC binary | https://www.archive.org/download/framingamericaso0000pohl/framingamericaso0000pohl_meta.mrc |
LEADER: 03763cam a22009374a 4500
001 ocm49751212
003 OCoLC
005 20191109072156.6
008 010706s2002 nyuab b 001 0 eng
010 $a 2001093466
040 $aDLC$beng$cDLC$dMLX$dMUQ$dUKM$dBAKER$dNLGGC$dYDXCP$dBTCTA$dOCLCG$dIG#$dGEBAY$dDEBSZ$dOCLCQ$dBDX$dDEBBG$dOCLCO$dZCU$dOCLCF$dOCLCQ$dCSJ$dOCLCO$dOCLCQ$dCCH$dOCLCQ$dBGU$dOCLCQ$dUKUOY$dOCLCQ$dLCOAD$dOCLCA$dHDC$dOCLCQ$dEUX$dOCLCA
015 $aGBA1U3295$2bnb
019 $a48531210$a318036670$a1008323709
020 $a0500283346$q(pbk.)
020 $a9780500283349$q(pbk.)
020 $a0500237921$q(hardcover)
020 $a9780500237922$q(hardcover)
024 30 $a9780500283349$q(pbk.)$d90000)
024 3 $a9780500237922
029 1 $aAU@$b000023228717
029 1 $aAU@$b000023564293
029 1 $aAU@$b000053822895
029 1 $aCBK$b037862529
029 1 $aDEBBG$bBV014502255
029 1 $aDEBSZ$b100896200
029 1 $aGEBAY$b6770937
029 1 $aIG#$b9780500237922
029 1 $aIG#$b9780500283349
029 1 $aNOK$b0500237921
029 1 $aNZ1$b6912088
029 1 $aNZ1$b811420
029 1 $aUKBOR$b037862529
029 1 $aUNITY$b037862529
029 1 $aYDXCP$b100286044
029 1 $aYDXCP$b1870657
035 $a(OCoLC)49751212$z(OCoLC)48531210$z(OCoLC)318036670$z(OCoLC)1008323709
042 $apcc
043 $an-us---
050 00 $aN6512$b.P59 2002
050 4 $aN6501$bP64 2002
080 $a7(73)-19-
082 00 $a709/.73$221
084 $a20.54$2bcl
084 $aLO 94000$2rvk
049 $aMAIN
100 1 $aPohl, Frances K.$q(Frances Kathryn),$d1952-
245 10 $aFraming America :$ba social history of American art /$cFrancis K. Pohl.
260 $aNew York, N.Y. :$bThames & Hudson,$c2002.
300 $a560 pages :$billustrations (some color), maps (some color) ;$c28 cm
336 $atext$btxt$2rdacontent
337 $aunmediated$bn$2rdamedia
338 $avolume$bnc$2rdacarrier
504 $aIncludes bibliographical references (pages 526-540) and index.
505 0 $aArt and conquest -- Defining America -- Nature and nation -- A nation at war -- Work and art redefined -- The machine, the primitive, and the modern -- Art for the people, art against Fascism -- From Cold War to culture wars.
590 $bInternet Archive - 2
590 $bInternet Archive 2
650 0 $aArt, American.
650 0 $aArt and society.
650 6 $aArt américain.
650 6 $aArt et société
650 7 $aArt, American.$2fast$0(OCoLC)fst00815895
650 7 $aArt and society.$2fast$0(OCoLC)fst00815432
650 7 $aBildband$2gnd
650 7 $aGesellschaftsbild$2gnd
650 7 $aKunst$2gnd
650 7 $aSoziale Situation$gMotiv$2gnd
651 7 $aUSA$2gnd
650 17 $aKunst.$2gtt
650 17 $aSociale aspecten.$2gtt
651 7 $aUSA.$2swd
856 41 $3Table of contents$uhttp://www.gbv.de/dms/goettingen/337841632.pdf$zKostenfrei
856 41 $3Table of contents$uhttp://bvbr.bib-bvb.de:8991/F?func=service&doc_library=BVB01&doc_number=009883686&line_number=0001&func_code=DB_RECORDS&service_type=MEDIA
856 41 $3Table of contents$uhttp://bvbr.bib-bvb.de:8991/F?func=service&doc_library=BVB01&local_base=BVB01&doc_number=009883686&line_number=0001&func_code=DB_RECORDS&service_type=MEDIA
938 $aBaker & Taylor$bBKTY$c63.90$d63.90$i0500283346$n0004030134$sactive
938 $aBaker & Taylor$bBKTY$c75.00$d56.25$i0500237921$n0003981650$sactive
938 $aBrodart$bBROD$n58886982$c$75.00
938 $aBaker and Taylor$bBTCP$nBK0010673421
938 $aIngram$bINGR$n9780500237922
938 $aYBP Library Services$bYANK$n1870657
994 $a92$bERR
976 $a31927000578242